[Event "Team men PL final"]
[Site "Sochi"]
[Date "2018.05.01"]
[Round "1.8"]
[White "Bocharov, Dmitry"]
[Black "Alekseev, Evgeny"]
[Result "0-1"]
[BlackElo "2622"]
[WhiteElo "2594"]
[LiveChessVersion "1.4.8"]

1. c4 {[%clk 1:30:55]} e5 {[%clk 1:30:42]} 2. Nc3 {[%clk 1:28:39]} Nf6
{[%clk 1:29:06]} 3. Nf3 {[%clk 1:27:59]} Nc6 {[%clk 1:27:49]} 4. e3
{[%clk 1:28:15]} d5 {[%clk 1:25:16]} 5. cxd5 {[%clk 1:27:59]} Nxd5
{[%clk 1:25:42]} 6. Qc2 {[%clk 1:22:13]} Nxc3 {[%clk 1:17:57]} 7. bxc3
{[%clk 1:11:03]} Bd6 {[%clk 1:17:03]} 8. Bd3 {[%clk 1:10:45]} h6 {[%clk 1:01:43]}
9. Rb1 {[%clk 0:56:24]} O-O {[%clk 0:56:11]} 10. O-O {[%clk 0:54:12]} Qe7
{[%clk 0:52:26]} 11. h3 {[%clk 0:51:24]} b6 {[%clk 0:44:37]} 12. Be4
{[%clk 0:37:19]} Bd7 {[%clk 0:44:36]} 13. Bb2 {[%clk 0:30:39]} Rae8
{[%clk 0:39:35]} 14. Rbe1 {[%clk 0:27:59]} Na5 {[%clk 0:27:31]} 15. d3
{[%clk 0:20:09]} f5 {[%clk 0:23:25]} 16. Bd5+ {[%clk 0:20:29]} Kh8
{[%clk 0:23:12]} 17. Nd2 {[%clk 0:13:44]} e4 {[%clk 0:22:28]} 18. f4
{[%clk 0:09:21]} exf3 {[%clk 0:18:19]} 19. Nxf3 {[%clk 0:09:21]} Bg3
{[%clk 0:18:07]} 20. Re2 {[%clk 0:09:15]} Qc5 {[%clk 0:16:22]} 21. Bb3
{[%clk 0:02:05]} Rxe3 {[%clk 0:15:14]} 22. Rxe3 {[%clk 0:01:59]} Qxe3+
{[%clk 0:15:26]} 23. Kh1 {[%clk 0:02:24]} Nxb3 {[%clk 0:13:41]} 24. axb3
{[%clk 0:02:41]} Re8 {[%clk 0:13:02]} 25. c4 {[%clk 0:01:23]} Kh7
{[%clk 0:09:27]} 26. d4 {[%clk 0:01:07]} Qe2 {[%clk 0:08:29]} 27. Qb1
{[%clk 0:00:34]} Re3 {[%clk 0:03:14]} 28. d5 {[%clk 0:00:45]} Bd6
{[%clk 0:03:11]} 29. Re1 {[%clk 0:00:39]} Qf2 {[%clk 0:03:09]} 30. Rxe3
{[%clk 0:00:42]} Qxe3 {[%clk 0:03:37]} 31. Bd4 {[%clk 0:00:32]} Qe7
{[%clk 0:02:10]} 32. Qa1 {[%clk 0:00:53]} a5 {[%clk 0:02:27]} 33. Be5
{[%clk 0:00:49]} Be8 {[%clk 0:01:07]} 34. Bxd6 {[%clk 0:00:53]} Qxd6
{[%clk 0:01:34]} 35. Qe1 {[%clk 0:01:09]} Bd7 {[%clk 0:01:48]} 36. Ne5
{[%clk 0:01:27]} Kg8 {[%clk 0:01:17]} 37. Qe3 {[%clk 0:01:45]} Qe7
{[%clk 0:01:06]} 38. Qf4 {[%clk 0:01:19]} g5 {[%clk 0:01:21]} 39. Qd4
{[%clk 0:01:42]} Be8 {[%clk 0:01:07]} 40. Kg1 {[%clk 0:31:02]} Qf6
{[%clk 0:30:33]} 41. Qe3 {[%clk 0:30:37]} Kg7 {[%clk 0:29:42]} 42. Kf2
{[%clk 0:21:38]} a4 {[%clk 0:26:15]} 43. bxa4 {[%clk 0:19:41]} Bxa4
{[%clk 0:26:27]} 44. Nf3 {[%clk 0:15:11]} Bd7 {[%clk 0:19:44]} 45. Ne5
{[%clk 0:14:26]} f4 {[%clk 0:18:02]} 46. Qe1 {[%clk 0:14:25]} Bf5
{[%clk 0:17:53]} 47. Qc3 {[%clk 0:13:43]} Be4 {[%clk 0:14:57]} 48. Qd4
{[%clk 0:13:13]} Bd3 {[%clk 0:14:18]} 49. Qb2 {[%clk 0:13:10]} Be4
{[%clk 0:13:29]} 50. Qd4 {[%clk 0:13:29]} Bf5 {[%clk 0:13:45]} 51. Qc3
{[%clk 0:12:59]} Qd6 {[%clk 0:13:01]} 52. Kf1 {[%clk 0:11:03]} Kg8
{[%clk 0:11:31]} 53. Qa1 {[%clk 0:10:44]} Qb4 {[%clk 0:09:11]} 54. Qd4
{[%clk 0:06:13]} Qb1+ {[%clk 0:07:12]} 55. Kf2 {[%clk 0:06:06]} Qe4
{[%clk 0:06:58]} 56. Qc3 {[%clk 0:03:19]} Qc2+ {[%clk 0:05:39]} 57. Qxc2
{[%clk 0:03:33]} Bxc2 {[%clk 0:06:08]} 58. d6 {[%clk 0:01:38]} cxd6
{[%clk 0:06:20]} 59. Nd7 {[%clk 0:01:58]} Kf7 {[%clk 0:06:15]} 60. Nxb6
{[%clk 0:01:48]} Ke6 {[%clk 0:04:08]} 61. g3 {[%clk 0:01:22]} Be4
{[%clk 0:00:51]} 62. h4 {[%clk 0:01:39]} f3 {[%clk 0:00:53]} 63. hxg5
{[%clk 0:01:22]} hxg5 {[%clk 0:01:23]} 64. g4 {[%clk 0:01:23]} Bc6
{[%clk 0:01:28]} 65. Ke3 {[%clk 0:01:22]} Ke5 {[%clk 0:01:50]} 66. Nc8
{[%clk 0:01:04]} Bd7 {[%clk 0:02:12]} 67. Ne7 {[%clk 0:00:52]} Bxg4
{[%clk 0:02:34]} 68. Nc6+ {[%clk 0:01:16]} Kf6 {[%clk 0:02:28]} 69. Nd4
{[%clk 0:00:46]} Ke5 {[%clk 0:00:40]} 70. Nc6+ {[%clk 0:01:08]} Ke6
{[%clk 0:00:45]} 71. Nd4+ {[%clk 0:00:45]} Kd7 {[%clk 0:01:04]} 72. Kf2
{[%clk 0:00:42]} Bh5 {[%clk 0:01:20]} 73. Kg3 {[%clk 0:01:01]} g4
{[%clk 0:01:43]} 74. Nf5 {[%clk 0:00:42]} Bf7 {[%clk 0:01:53]} 75. Ne3
{[%clk 0:00:37]} Be6 {[%clk 0:02:22]} 76. Nc2 {[%clk 0:00:31]} Bxc4 0-1

[Event "Team men PL final"]
[Site "Sochi"]
[Date "2018.05.01"]
[Round "1.9"]
[White "Lobanov, Sergei"]
[Black "Maletin, Pavel"]
[Result "0-1"]
[BlackElo "2572"]
[WhiteElo "2515"]
[LiveChessVersion "1.4.8"]

1. e4 {[%clk 1:30:57]} e5 {[%clk 1:30:51]} 2. Nf3 {[%clk 1:31:23]} Nc6
{[%clk 1:31:14]} 3. Bb5 {[%clk 1:31:48]} a6 {[%clk 1:31:31]} 4. Ba4
{[%clk 1:32:13]} Nf6 {[%clk 1:31:53]} 5. O-O {[%clk 1:32:31]} Be7
{[%clk 1:32:11]} 6. d3 {[%clk 1:32:06]} b5 {[%clk 1:32:20]} 7. Bb3
{[%clk 1:32:32]} d6 {[%clk 1:32:32]} 8. a4 {[%clk 1:32:36]} Bd7 {[%clk 1:32:07]}
9. c3 {[%clk 1:32:50]} Na5 {[%clk 1:18:35]} 10. Bc2 {[%clk 1:33:13]} c5
{[%clk 1:17:50]} 11. d4 {[%clk 1:25:54]} Qb8 {[%clk 1:01:50]} 12. Bg5
{[%clk 1:16:36]} Be6 {[%clk 0:52:34]} 13. b3 {[%clk 1:04:24]} cxd4
{[%clk 0:44:06]} 14. cxd4 {[%clk 1:04:50]} O-O {[%clk 0:44:06]} 15. Nbd2
{[%clk 0:57:06]} Rc8 {[%clk 0:43:03]} 16. Bd3 {[%clk 0:41:23]} Rc3
{[%clk 0:27:50]} 17. Qe2 {[%clk 0:41:39]} Nxb3 {[%clk 0:23:43]} 18. Nxb3
{[%clk 0:42:04]} Rxb3 {[%clk 0:23:15]} 19. axb5 {[%clk 0:40:40]} axb5
{[%clk 0:23:25]} 20. Rxa8 {[%clk 0:41:01]} Qxa8 {[%clk 0:23:51]} 21. dxe5
{[%clk 0:41:07]} dxe5 {[%clk 0:23:18]} 22. Nxe5 {[%clk 0:41:16]} h6
{[%clk 0:11:03]} 23. Bh4 {[%clk 0:23:38]} Qa3 {[%clk 0:09:08]} 24. f4
{[%clk 0:04:27]} Nd7 {[%clk 0:04:49]} 25. Bxe7 {[%clk 0:03:39]} Qxe7
{[%clk 0:04:40]} 26. Bc2 {[%clk 0:01:40]} Nxe5 {[%clk 0:01:31]} 27. Bxb3
{[%clk 0:02:05]} Bxb3 {[%clk 0:01:51]} 28. fxe5 {[%clk 0:01:06]} Bc4
{[%clk 0:02:16]} 29. Qb2 {[%clk 0:01:33]} Bxf1 {[%clk 0:02:41]} 30. Kxf1
{[%clk 0:01:57]} Qc5 {[%clk 0:02:57]} 31. Ke2 {[%clk 0:02:12]} Qc4+
{[%clk 0:02:19]} 32. Ke3 {[%clk 0:02:29]} b4 {[%clk 0:02:41]} 33. g3
{[%clk 0:00:35]} b3 {[%clk 0:02:29]} 34. Kd2 {[%clk 0:00:45]} Qxe4
{[%clk 0:00:37]} 35. Qxb3 {[%clk 0:01:11]} Qg2+ {[%clk 0:00:46]} 36. Ke3
{[%clk 0:01:04]} Qxh2 {[%clk 0:01:02]} 37. Qb8+ {[%clk 0:00:55]} Kh7
{[%clk 0:01:29]} 38. Qb1+ {[%clk 0:00:34]} g6 {[%clk 0:01:55]} 39. Qe1
{[%clk 0:00:49]} Qg2 {[%clk 0:01:54]} 40. Kf4 {[%clk 0:31:08]} Qd5
{[%clk 0:31:10]} 41. Qc3 {[%clk 0:28:04]} Qg2 {[%clk 0:22:09]} 42. Qe1
{[%clk 0:08:34]} Qh3 {[%clk 0:17:48]} 43. Ke3 {[%clk 0:04:56]} Qf5
{[%clk 0:14:50]} 44. Qc3 {[%clk 0:04:34]} h5 {[%clk 0:12:08]} 45. Qc7
{[%clk 0:04:20]} g5 {[%clk 0:10:23]} 46. Qe7 {[%clk 0:04:33]} Kg7
{[%clk 0:09:22]} 47. Ke2 {[%clk 0:04:28]} Kg6 {[%clk 0:08:07]} 48. Qe8
{[%clk 0:01:59]} Qe4+ {[%clk 0:07:51]} 49. Kf2 {[%clk 0:02:08]} Qd4+
{[%clk 0:07:50]} 50. Kf1 {[%clk 0:01:03]} Qc4+ {[%clk 0:07:42]} 51. Kf2
{[%clk 0:01:14]} Kf5 {[%clk 0:05:58]} 52. Qh8 {[%clk 0:01:20]} Qc2+
{[%clk 0:05:07]} 53. Ke1 {[%clk 0:00:34]} Qc3+ {[%clk 0:04:41]} 54. Kd1
{[%clk 0:00:33]} Qd4+ {[%clk 0:04:43]} 55. Kc2 {[%clk 0:00:52]} Qf2+
{[%clk 0:04:29]} 56. Kb1 {[%clk 0:01:00]} Kg4 {[%clk 0:04:11]} 0-1

[Event "Team men PL final"]
[Site "Sochi"]
[Date "2018.05.01"]
[Round "1.10"]
[White "Tsydypov, Zhamsaran"]
[Black "Usmanov, Vasily"]
[Result "1/2-1/2"]
[BlackElo "2472"]
[WhiteElo "2525"]
[LiveChessVersion "1.4.8"]

1. e4 e6 {[%clk 1:30:54]} 2. d4 {[%clk 1:30:22]} d5 3. e5 {[%clk 1:30:35]} c5
{[%clk 1:31:18]} 4. c3 {[%clk 1:30:53]} Qb6 {[%clk 1:31:25]} 5. Nf3
{[%clk 1:30:34]} Nc6 {[%clk 1:31:34]} 6. Be2 {[%clk 1:30:06]} cxd4
{[%clk 1:31:19]} 7. cxd4 {[%clk 1:30:28]} Nh6 {[%clk 1:31:20]} 8. Bxh6
{[%clk 1:30:11]} Qxb2 {[%clk 1:26:01]} 9. Nc3 {[%clk 1:26:02]} Qxc3+
{[%clk 1:14:58]} 10. Bd2 {[%clk 1:26:26]} Qa3 {[%clk 1:15:23]} 11. O-O
{[%clk 1:20:12]} Bb4 {[%clk 1:12:13]} 12. Rb1 {[%clk 1:12:32]} Bxd2
{[%clk 1:08:06]} 13. Qxd2 {[%clk 1:13:00]} O-O {[%clk 1:08:28]} 14. Bd3
{[%clk 1:10:49]} h6 {[%clk 1:03:53]} 15. Rb3 {[%clk 1:05:06]} Qe7
{[%clk 0:57:41]} 16. Bb1 {[%clk 1:02:38]} a5 {[%clk 0:39:42]} 17. Qc2
{[%clk 1:00:29]} g6 {[%clk 0:40:07]} 18. h4 {[%clk 0:58:50]} a4 {[%clk 0:40:29]}
19. Rc3 {[%clk 0:46:59]} Bd7 {[%clk 0:35:52]} 20. h5 {[%clk 0:43:08]} Rac8
{[%clk 0:33:50]} 21. Rc1 {[%clk 0:31:28]} Kg7 {[%clk 0:23:35]} 22. hxg6
{[%clk 0:29:49]} Nb4 {[%clk 0:22:39]} 23. Qd2 {[%clk 0:22:45]} fxg6
{[%clk 0:19:30]} 24. Rc7 {[%clk 0:22:21]} Rxc7 {[%clk 0:18:46]} 25. Rxc7
{[%clk 0:22:49]} Na6 {[%clk 0:18:54]} 26. Rxb7 {[%clk 0:20:43]} Rb8
{[%clk 0:18:54]} 27. Qb2 {[%clk 0:17:14]} a3 {[%clk 0:13:56]} 28. Qb6
{[%clk 0:17:10]} Rxb7 {[%clk 0:14:23]} 29. Qxb7 {[%clk 0:17:36]} Nb4
{[%clk 0:14:49]} 30. Nh4 {[%clk 0:17:13]} Nc6 {[%clk 0:08:48]} 31. Nxg6
{[%clk 0:16:37]} Qd8 {[%clk 0:09:17]} 32. Nf4 {[%clk 0:15:42]} Nxd4
{[%clk 0:06:24]} 33. Qa7 {[%clk 0:07:19]} Nc6 {[%clk 0:06:49]} 34. Nxe6+
{[%clk 0:05:07]} Kg8 {[%clk 0:07:14]} 35. Qc5 {[%clk 0:05:09]} Qb8
{[%clk 0:02:02]} 36. Bf5 {[%clk 0:04:11]} Qb4 {[%clk 0:02:30]} 37. Qc1
{[%clk 0:03:52]} Qb2 {[%clk 0:01:19]} 38. Qd1 {[%clk 0:02:25]} Qxe5
{[%clk 0:00:48]} 39. Qh5 {[%clk 0:02:16]} Bxe6 {[%clk 0:00:37]} 40. Qe8+
{[%clk 0:32:34]} Kg7 {[%clk 0:30:59]} 41. Bxe6 {[%clk 0:33:01]} Nd8
{[%clk 0:27:32]} 42. Qg8+ {[%clk 0:25:10]} Kf6 {[%clk 0:27:57]} 43. Bxd5
{[%clk 0:25:36]} Ke7 {[%clk 0:27:01]} 44. g3 {[%clk 0:25:35]} Qg5
{[%clk 0:27:16]} 45. Qxg5+ {[%clk 0:22:13]} hxg5 {[%clk 0:27:41]} 46. Kg2
{[%clk 0:20:26]} Kd6 {[%clk 0:27:02]} 47. Be4 {[%clk 0:19:07]} Ke5
{[%clk 0:26:51]} 48. Kf3 {[%clk 0:19:08]} Ne6 {[%clk 0:23:49]} 49. Ke3
{[%clk 0:18:48]} Nc5 {[%clk 0:23:11]} 50. Bf3 {[%clk 0:18:14]} Na6
{[%clk 0:23:07]} 51. Bd1 {[%clk 0:18:00]} Nb4 {[%clk 0:22:49]} 52. Bb3
{[%clk 0:18:28]} Na6 {[%clk 0:22:09]} 53. Bg8 {[%clk 0:15:29]} Nb4
{[%clk 0:21:25]} 54. Bc4 {[%clk 0:15:43]} g4 {[%clk 0:10:15]} 55. Bb3
{[%clk 0:15:39]} Na6 {[%clk 0:10:27]} 56. Bc4 {[%clk 0:12:33]} Nc5
{[%clk 0:10:31]} 57. Be2 {[%clk 0:07:34]} Ne4 {[%clk 0:10:50]} 58. Bxg4
{[%clk 0:06:56]} Nc3 {[%clk 0:11:14]} 59. f4+ {[%clk 0:07:21]} Kd6
{[%clk 0:09:47]} 60. Kd3 {[%clk 0:07:42]} Nxa2 {[%clk 0:10:14]} 61. Kc2
{[%clk 0:08:05]} Nb4+ {[%clk 0:10:23]} 62. Kb3 {[%clk 0:08:34]} a2
{[%clk 0:09:37]} 63. Kb2 {[%clk 0:09:03]} Kd5 {[%clk 0:09:46]} 64. Bf5
{[%clk 0:08:16]} Kd4 {[%clk 0:09:14]} 65. Be6 {[%clk 0:08:37]} Ke4
{[%clk 0:09:00]} 66. Bxa2 {[%clk 0:08:37]} Nd3+ {[%clk 0:09:21]} 1/2-1/2

[Event "Team men PL final"]
[Site "Sochi"]
[Date "2018.05.01"]
[Round "1.12"]
[White "Khanin, Semen"]
[Black "Pershin, Denis"]
[Result "0-1"]
[BlackElo "2392"]
[WhiteElo "2477"]
[LiveChessVersion "1.4.8"]

1. e4 {[%clk 1:30:56]} c6 {[%clk 1:30:55]} 2. d4 {[%clk 1:31:22]} d5
{[%clk 1:31:21]} 3. Nd2 {[%clk 1:31:48]} dxe4 {[%clk 1:31:46]} 4. Nxe4
{[%clk 1:32:12]} Bf5 {[%clk 1:32:13]} 5. Ng3 {[%clk 1:32:34]} Bg6
{[%clk 1:32:37]} 6. h4 {[%clk 1:32:58]} h6 {[%clk 1:33:00]} 7. Nf3
{[%clk 1:33:21]} Nd7 {[%clk 1:33:09]} 8. h5 {[%clk 1:33:42]} Bh7 {[%clk 1:33:34]}
9. Bd3 {[%clk 1:34:07]} Bxd3 {[%clk 1:33:58]} 10. Qxd3 {[%clk 1:34:32]} e6
{[%clk 1:34:22]} 11. Bd2 {[%clk 1:34:54]} Ngf6 {[%clk 1:34:42]} 12. O-O-O
{[%clk 1:35:16]} Be7 {[%clk 1:35:06]} 13. Kb1 {[%clk 1:35:39]} O-O
{[%clk 1:34:42]} 14. Ne4 {[%clk 1:36:03]} c5 {[%clk 1:34:49]} 15. g4
{[%clk 1:35:36]} Nxg4 {[%clk 1:34:30]} 16. dxc5 {[%clk 1:27:19]} f5
{[%clk 1:11:44]} 17. Bc3 {[%clk 1:27:43]} Nxc5 {[%clk 1:03:28]} 18. Qe2
{[%clk 1:25:31]} Qe8 {[%clk 0:41:13]} 19. Nxc5 {[%clk 1:20:09]} Bxc5
{[%clk 0:41:36]} 20. Nd4 {[%clk 0:34:04]} Bxd4 {[%clk 0:38:21]} 21. Bxd4
{[%clk 0:34:29]} e5 {[%clk 0:38:33]} 22. Bc3 {[%clk 0:31:21]} e4 {[%clk 0:38:47]}
23. f3 {[%clk 0:22:21]} exf3 {[%clk 0:29:59]} 24. Qxf3 {[%clk 0:22:48]} Qc6
{[%clk 0:29:57]} 25. Qf4 {[%clk 0:21:10]} Rae8 {[%clk 0:28:31]} 26. Rhe1
{[%clk 0:19:20]} Re4 {[%clk 0:19:41]} 27. Rxe4 {[%clk 0:19:07]} Qxe4
{[%clk 0:20:06]} 28. Qc7 {[%clk 0:19:11]} Rf7 {[%clk 0:20:14]} 29. Qc8+
{[%clk 0:17:12]} Kh7 {[%clk 0:19:50]} 30. a3 {[%clk 0:16:27]} Nf6
{[%clk 0:20:01]} 31. Rd8 {[%clk 0:10:05]} Nxh5 {[%clk 0:19:16]} 32. Rh8+
{[%clk 0:10:12]} Kg6 {[%clk 0:19:41]} 33. Qg8 {[%clk 0:09:32]} Nf6
{[%clk 0:16:32]} 34. Bxf6 {[%clk 0:09:48]} Qe1+ {[%clk 0:15:52]} 35. Ka2
{[%clk 0:10:13]} Qe6+ {[%clk 0:16:15]} 36. Kb1 {[%clk 0:10:34]} Qe1+
{[%clk 0:16:39]} 37. Ka2 {[%clk 0:11:00]} Qe6+ {[%clk 0:17:04]} 38. Kb1
{[%clk 0:11:12]} Qxf6 {[%clk 0:17:05]} 39. Qc8 {[%clk 0:10:23]} Qc6
{[%clk 0:17:08]} 40. Qd8 {[%clk 0:40:02]} Qd7 {[%clk 0:43:51]} 41. Qb8
{[%clk 0:39:33]} Qd1+ {[%clk 0:39:42]} 42. Ka2 {[%clk 0:39:55]} f4
{[%clk 0:39:06]} 43. Qe5 {[%clk 0:39:04]} Qg4 {[%clk 0:34:32]} 44. Qe4+
{[%clk 0:38:18]} Qf5 {[%clk 0:34:41]} 45. Qg2+ {[%clk 0:38:45]} Kf6
{[%clk 0:34:42]} 46. Qf3 {[%clk 0:36:17]} Qe6+ {[%clk 0:33:55]} 47. b3
{[%clk 0:36:42]} Qe3 {[%clk 0:34:05]} 48. Qd5 {[%clk 0:37:02]} Qe5
{[%clk 0:31:57]} 49. Qd8+ {[%clk 0:36:30]} Kg6 {[%clk 0:32:03]} 50. Qd3+
{[%clk 0:31:54]} Qf5 {[%clk 0:32:26]} 51. Qd2 {[%clk 0:31:35]} f3
{[%clk 0:32:20]} 52. Qf2 {[%clk 0:32:02]} Qg4 {[%clk 0:32:29]} 53. Kb2
{[%clk 0:32:00]} Qg2 {[%clk 0:31:19]} 54. Qe3 {[%clk 0:32:26]} f2
{[%clk 0:31:07]} 55. Qe6+ {[%clk 0:32:54]} Rf6 {[%clk 0:31:28]} 56. Qe8+
{[%clk 0:33:23]} Kg5 {[%clk 0:31:38]} 57. Qe5+ {[%clk 0:33:35]} Kh4
{[%clk 0:31:48]} 58. Rd8 {[%clk 0:33:46]} f1=Q {[%clk 0:30:59]} 59. Rd4+
{[%clk 0:34:12]} Qg4 {[%clk 0:31:23]} 0-1

[Event "Team men PL final"]
[Site "Sochi"]
[Date "2018.05.01"]
[Round "1.13"]
[White "Artemiev, Vladislav"]
[Black "Sarana, Alexey"]
[Result "1-0"]
[BlackElo "2587"]
[WhiteElo "2704"]
[LiveChessVersion "1.4.8"]

1. d4 {[%clk 1:30:54]} Nf6 {[%clk 1:30:48]} 2. c4 {[%clk 1:31:12]} g6
{[%clk 1:30:06]} 3. Nc3 {[%clk 1:31:24]} d5 {[%clk 1:30:31]} 4. cxd5
{[%clk 1:31:32]} Nxd5 {[%clk 1:30:57]} 5. e4 {[%clk 1:31:51]} Nxc3
{[%clk 1:31:22]} 6. bxc3 {[%clk 1:32:10]} Bg7 {[%clk 1:31:48]} 7. Bg5
{[%clk 1:32:09]} c5 {[%clk 1:29:41]} 8. Rc1 {[%clk 1:32:27]} O-O {[%clk 1:19:06]}
9. Nf3 {[%clk 1:31:41]} Bg4 {[%clk 1:10:38]} 10. d5 {[%clk 1:32:02]} Qd6
{[%clk 1:10:00]} 11. Be2 {[%clk 1:30:51]} Nd7 {[%clk 1:07:04]} 12. O-O
{[%clk 1:28:41]} e6 {[%clk 0:56:07]} 13. h3 {[%clk 1:25:00]} Bxf3
{[%clk 0:55:40]} 14. Bxf3 {[%clk 1:25:22]} h6 {[%clk 0:52:22]} 15. dxe6
{[%clk 1:21:14]} Qxe6 {[%clk 0:52:12]} 16. Bg4 {[%clk 1:21:33]} Qe5
{[%clk 0:42:58]} 17. f4 {[%clk 1:19:32]} Qxe4 {[%clk 0:42:30]} 18. Re1
{[%clk 1:19:51]} Qc4 {[%clk 0:42:30]} 19. Be7 {[%clk 1:19:32]} Nf6
{[%clk 0:42:48]} 20. Bxf8 {[%clk 1:19:35]} Rxf8 {[%clk 0:43:15]} 21. f5
{[%clk 1:12:55]} Ne4 {[%clk 0:38:07]} 22. fxg6 {[%clk 1:11:07]} Nxc3
{[%clk 0:36:49]} 23. gxf7+ {[%clk 1:10:39]} Kh8 {[%clk 0:34:15]} 24. Qf3
{[%clk 1:00:19]} Bd4+ {[%clk 0:26:32]} 25. Kh1 {[%clk 0:59:16]} Qxf7
{[%clk 0:26:48]} 26. Rxc3 {[%clk 0:59:33]} Qg7 {[%clk 0:27:01]} 27. Qxf8+
{[%clk 0:59:57]} Qxf8 {[%clk 0:27:25]} 28. Rf3 {[%clk 1:00:22]} Qd6
{[%clk 0:23:21]} 29. Re6 {[%clk 0:55:23]} Qc7 {[%clk 0:23:26]} 30. Bf5
{[%clk 0:42:41]} Kg8 {[%clk 0:18:35]} 31. Rg6+ {[%clk 0:39:36]} Kf7
{[%clk 0:18:53]} 32. Bd3+ {[%clk 0:39:28]} Ke7 {[%clk 0:19:18]} 33. Bc4
{[%clk 0:39:54]} 1-0

[Event "Team men PL final"]
[Site "Sochi"]
[Date "2018.05.01"]
[Round "1.15"]
[White "Timofeev, Artyom"]
[Black "Kobalia, Mikhail"]
[Result "1/2-1/2"]
[BlackElo "2601"]
[WhiteElo "2579"]
[LiveChessVersion "1.4.8"]

1. e4 {[%clk 1:30:56]} e5 {[%clk 1:30:52]} 2. Nf3 {[%clk 1:31:15]} Nc6
{[%clk 1:31:14]} 3. Nc3 {[%clk 1:31:36]} Nf6 {[%clk 1:30:25]} 4. d4
{[%clk 1:31:41]} exd4 {[%clk 1:30:41]} 5. Nxd4 {[%clk 1:32:05]} Bb4
{[%clk 1:30:37]} 6. Nxc6 {[%clk 1:32:18]} bxc6 {[%clk 1:31:01]} 7. Bd3
{[%clk 1:32:39]} O-O {[%clk 1:19:02]} 8. O-O {[%clk 1:31:48]} d5 {[%clk 1:19:25]}
9. exd5 {[%clk 1:32:01]} cxd5 {[%clk 1:19:51]} 10. Bg5 {[%clk 1:32:17]} c6
{[%clk 1:20:05]} 11. Na4 {[%clk 1:30:23]} Bd6 {[%clk 1:19:38]} 12. Re1
{[%clk 0:59:03]} Rb8 {[%clk 1:18:47]} 13. b3 {[%clk 0:56:39]} Be6
{[%clk 1:10:51]} 14. Qd2 {[%clk 0:46:49]} c5 {[%clk 1:04:34]} 15. Rad1
{[%clk 0:44:16]} Re8 {[%clk 0:57:15]} 16. Nc3 {[%clk 0:34:42]} h6
{[%clk 0:55:46]} 17. Bf4 {[%clk 0:30:17]} Bxf4 {[%clk 0:50:00]} 18. Qxf4
{[%clk 0:30:42]} Qa5 {[%clk 0:49:57]} 19. Qd2 {[%clk 0:30:57]} Kf8
{[%clk 0:49:11]} 20. h3 {[%clk 0:28:24]} Bd7 {[%clk 0:44:06]} 21. Ne4
{[%clk 0:20:58]} Qxd2 {[%clk 0:44:23]} 22. Nxd2 {[%clk 0:21:24]} a5
{[%clk 0:42:45]} 23. Nf3 {[%clk 0:20:06]} Rxe1+ {[%clk 0:38:43]} 24. Rxe1
{[%clk 0:20:29]} a4 {[%clk 0:38:52]} 25. Ne5 {[%clk 0:20:29]} Be8
{[%clk 0:37:50]} 26. f3 {[%clk 0:15:49]} Ra8 {[%clk 0:37:19]} 27. Kf2
{[%clk 0:15:51]} Ra7 {[%clk 0:36:54]} 28. f4 {[%clk 0:14:30]} axb3
{[%clk 0:34:13]} 29. axb3 {[%clk 0:14:54]} Ra2 {[%clk 0:34:34]} 30. Re2
{[%clk 0:12:10]} Ra1 {[%clk 0:34:02]} 31. g4 {[%clk 0:11:15]} Rh1
{[%clk 0:26:06]} 32. Kg2 {[%clk 0:09:55]} Rc1 {[%clk 0:26:27]} 33. Kf2
{[%clk 0:08:43]} Rh1 {[%clk 0:26:40]} 34. Kg2 {[%clk 0:08:49]} Rc1
{[%clk 0:27:05]} 35. Kf2 {[%clk 0:08:23]} Rh1 1/2-1/2

[Event "Team men PL final"]
[Site "Sochi"]
[Date "2018.05.01"]
[Round "1.16"]
[White "Iljiushenok, Ilia"]
[Black "Iljin, Artem"]
[Result "1/2-1/2"]
[BlackElo "2528"]
[WhiteElo "2516"]
[LiveChessVersion "1.4.8"]

1. e4 {[%clk 1:30:57]} e5 {[%clk 1:30:48]} 2. Nf3 {[%clk 1:31:11]} Nf6
{[%clk 1:31:05]} 3. Nxe5 {[%clk 1:25:48]} d6 {[%clk 1:29:44]} 4. Nf3
{[%clk 1:26:01]} Nxe4 {[%clk 1:30:06]} 5. d4 {[%clk 1:26:03]} d5 {[%clk 1:29:18]}
6. Bd3 {[%clk 1:26:08]} Bf5 {[%clk 1:28:53]} 7. O-O {[%clk 1:24:05]} Be7
{[%clk 1:28:19]} 8. Re1 {[%clk 1:19:19]} O-O {[%clk 1:26:53]} 9. c4
{[%clk 1:08:27]} Nc6 {[%clk 1:21:34]} 10. Nc3 {[%clk 1:06:41]} Nxc3
{[%clk 1:19:36]} 11. bxc3 {[%clk 1:07:06]} Bxd3 {[%clk 1:16:11]} 12. Qxd3
{[%clk 1:07:33]} Re8 {[%clk 1:06:49]} 13. cxd5 {[%clk 0:56:33]} Qxd5
{[%clk 1:07:02]} 14. Bf4 {[%clk 0:56:57]} Bd6 {[%clk 0:48:50]} 15. Ng5
{[%clk 0:47:45]} g6 {[%clk 0:44:44]} 16. Ne4 {[%clk 0:46:47]} Kg7
{[%clk 0:34:57]} 17. Qf3 {[%clk 0:27:52]} Bxf4 {[%clk 0:28:33]} 18. Qxf4
{[%clk 0:28:09]} Qf5 {[%clk 0:21:09]} 19. Qxf5 {[%clk 0:26:58]} gxf5
{[%clk 0:21:34]} 20. Nc5 {[%clk 0:27:09]} Na5 {[%clk 0:20:00]} 21. g3
{[%clk 0:15:36]} c6 {[%clk 0:13:35]} 22. Kg2 {[%clk 0:15:29]} b6 {[%clk 0:13:06]}
23. Nd3 {[%clk 0:15:35]} Re4 {[%clk 0:11:03]} 24. f3 {[%clk 0:12:14]} Rxe1
{[%clk 0:09:37]} 25. Rxe1 {[%clk 0:12:41]} Kf6 {[%clk 0:09:42]} 26. h4
{[%clk 0:08:37]} Rd8 {[%clk 0:07:13]} 27. Nf4 {[%clk 0:07:06]} Nc4
{[%clk 0:04:19]} 28. g4 {[%clk 0:06:51]} fxg4 {[%clk 0:04:38]} 29. fxg4
{[%clk 0:07:16]} c5 {[%clk 0:02:42]} 30. d5 {[%clk 0:06:20]} b5 {[%clk 0:02:54]}
31. Kg3 {[%clk 0:04:25]} h6 {[%clk 0:01:51]} 32. Nh5+ {[%clk 0:03:47]} Kg6
{[%clk 0:02:17]} 33. Re7 {[%clk 0:04:12]} Nb6 {[%clk 0:02:16]} 34. Rc7
{[%clk 0:03:32]} Na4 {[%clk 0:01:04]} 35. Rc6+ {[%clk 0:02:31]} Kh7
{[%clk 0:01:32]} 36. g5 {[%clk 0:02:53]} hxg5 {[%clk 0:01:47]} 37. hxg5
{[%clk 0:03:21]} Nxc3 {[%clk 0:01:35]} 38. Rh6+ {[%clk 0:02:40]} Kg8
{[%clk 0:02:01]} 39. Nf6+ {[%clk 0:03:03]} Kg7 {[%clk 0:02:18]} 40. d6
{[%clk 0:33:15]} Ne2+ {[%clk 0:30:43]} 41. Kg4 {[%clk 0:32:42]} c4
{[%clk 0:24:19]} 42. Rh2 {[%clk 0:03:56]} Nd4 {[%clk 0:23:16]} 43. Rh7+
{[%clk 0:04:16]} Kg6 {[%clk 0:23:23]} 44. Rh6+ {[%clk 0:04:43]} Kg7
{[%clk 0:23:49]} 45. Kh5 {[%clk 0:05:03]} Rh8 {[%clk 0:15:16]} 46. d7
{[%clk 0:05:03]} Nc6 {[%clk 0:12:42]} 47. Ne8+ {[%clk 0:02:46]} Kg8
{[%clk 0:13:08]} 48. Nf6+ {[%clk 0:03:07]} Kg7 1/2-1/2